The Nightmare Before Christmas - Statistics

General Stats
  • This quiz has been taken 1,091 times
  • The average score is 14 of 28
Answer Stats
Hint Answer % Correct
Name of the main character Jack Skellington
100%
The "rag doll" that falls in love with Jack Sally
94%
The "bad guy" of the film Oogie Boogie
89%
Who is his ghostly sidekick (his dog) Zero
83%
Short, Fat man that claims he can't make decisions without Jack The Mayor
79%
World Jack is transported to Christmas Town
69%
What does Jack call Santa Clause? Sandy Claws
63%
What does Jack think Santa has instead of hands? Claws
61%
Jack asks Dr. to make him reindeer. What are they made of? Bone
57%
One of Boogie's boys...the little devil Lock
57%
And the last...he wears a skeleton mask Barrel
56%
Another one..the young girl Shock
56%
What is Oogie Boogie made up of? Bugs
54%
Sallys creator/'father' figure Dr. Finkelstein
54%
This didn't work because ____'_ nose lit the way. Zero's
54%
Jack wants Christmas to be theirs that year, he sends who to kidnap Santa Clause? Boogies Boys
46%
What song does Jack ask the Zombie Band to play? Jingle Bells
46%
The first thing Jack picks up to show the towns people when he returns a present
45%
Jack is shot down for "shamelessly _____________ Santa Clause" impersonating
41%
Jack apologized to Santa and said "I ____ there's still time" (to fix things) hope
39%
Where does she put it? In the fountain
28%
Complete: "You pick up an over-sized ____ and hang it ___ ____ on the wall" sock / like this
28%
Jack joins her and they are finally together, how do you know this? They kiss
27%
When Jack gets back to Halloween Town, where are Sally and Santa? With Oogie Boogie
21%
What does Jack ask Sally to make? His "Sandy Claws Outfit"
17%
What does Sally use to try and stop Jack from taking off? Fog Juice
13%
At the celebration Sally wanders off to......? (a place) Spiral Hill
7%
Where Jack finds the doors Hinterlands
3%
No matching quizzes found
Score Distribution
Percent of People with Each Score
Percentile by Number Answered
Your Score History
You have not taken this quiz